Gaming Quiz

Random Gaming or Typing Quiz

Minecraft Typing Challenge Quiz Stats

 Plays Quiz not verified by Sporcle

Score 0/44 Timer 01:00
1 Play Today
Type This Word % Correct
????
100%
????
98.9%
????
98.1%
????
96.9%
????
95.7%
????
94.5%
????
93.5%
????
92.7%
????
91.9%
????
91%
????
89.3%
????
88.1%
????
85.9%
????
83.8%
????
81.8%
????
79.4%
????
76.8%
????
74.2%
????
71.8%
????
68.7%
????
65.6%
????
62.6%
Type This Word % Correct
????
59.3%
????
56.4%
????
53.9%
????
51.1%
????
48.3%
????
44.7%
????
42.1%
????
39%
????
35.7%
????
32.7%
????
29.3%
????
25%
????
22.2%
????
19.1%
????
16.5%
????
13.5%
????
11.6%
????
9.6%
????
7.6%
????
5.9%
????
4.3%
????
2.9%

You're not logged in!

Compare scores with friends on all Sporcle quizzes.
OR
Log In

You Might Also Like...

Show Comments

Extras

Top Quizzes Today


Score Distribution

Your Account Isn't Verified!

In order to create a playlist on Sporcle, you need to verify the email address you used during registration. Go to your Sporcle Settings to finish the process.

Report this User

Report this user for behavior that violates our Community Guidelines.

Details: